| 000 | 00852nam a2200253 i 4500 | ||
|---|---|---|---|
| 001 | 5807 | ||
| 003 | ES-MaACL | ||
| 005 | 20240419170146.0 | ||
| 007 | t| | ||
| 008 | 890530s1986 sp |||| | spa d | ||
| 020 | _a84-7472-072-9 | ||
| 080 | _a86-14"19" | ||
| 100 | 1 |
_aCasals Aldama, Pedro. _936076 |
|
| 245 | 1 | 0 |
_aAdentros de mis arcanos / _cPedro Casals ; "palabra" previa de Enrique Badosa. |
| 260 |
_aMadrid : _bInstituto Hispano-Árabe de Cultura, _c1986. |
||
| 300 |
_a82 p. ; _c21 cm. |
||
| 490 | 1 |
_aColección de poesía Ibn Zaydún ; _v9 |
|
| 500 | _aPort. y pr. árabe al final de la publicacion. | ||
| 700 | 0 |
_aBadosa, Enrique, _d1927-2021 _924566 |
|
| 710 | 2 |
_aInstituto Hispano-Árabe de Cultura. _9162165 |
|
| 830 | 0 |
_aColección de poesía Ibn Zaydún ; _v9 _9179342 |
|
| 852 |
_aES-MaACL _jL-12937 |
||
| 999 |
_c5807 _d5807 |
||